000 00888nam a22002537a 4500
005 20110217142528.0
008 110217t xxu||||| |||| 00| 0 eng d
010 _aENG-102028
020 _a9780070701120
_c250.00
020 _a0070701121
_c250.00
035 _aEN-85561
037 _bDBAD/PUB
040 _adpl
_bEng
082 _a343.54052
100 _aHariharan , N.
_912973
245 _aIncome tax law and practice :
_cby N. Hariharan
_bassessment year 2010-2011 /
250 _a5th ed
260 _aNew Delhi
_bTata McGraw-Hill
_c2010
270 _a7, West Patel Nagar
_bNew Delhi
_e110008
300 _aVarious pagings
_c24 cm (pbk)
500 _aIncludes index
942 _2ddc
_cEN
_mHAR
_h343.54052
999 _c50610
_d50610